Score 0/26 Timer 03:00
0 Plays Today
Clue 4-Letter Word % Correct
Place a painting on the wallHANG
96.9%
Make vocal musicSING
96.8%
A place to get coal or diamondsMINE
95.7%
Give a job toHIRE
95.4%
A rabbit relativeHARE
95.3%
Become exhaustedTIRE
94.9%
Clock readingTIME
94.9%
Wedding bandRING
93.8%
Marcel Marceau, e.g.MIME
90.8%
The reciprocal of the cosecantSINE
90.2%
Made a sound with a bellRANG
89.8%
Cappuccino topperFOAM
84.6%
500 sheets of paperREAM
84%
Clue 4-Letter Word % Correct
Wander without purposeROAM
83.6%
Patiently let time passWAIT
83.4%
Young horseFOAL
83.3%
Boundary between cloth piecesSEAM
81.9%
Cry out in despairWAIL
81.3%
A wax envelope closerSEAL
77.6%
Opposite of passFAIL
77.6%
Relative of a sabre or an épéeFOIL
73.6%
A viral skin nuisanceWART
71%
Homophone of one of the 4 H's in the 4H ClubHART
69.8%
One of the 4 H's in the 4H Club (Singular)HAND
69.7%
Verb form of one of the 4 H's in the 4H ClubHEAL
63.1%
One of the 4 H's in the 4H ClubHEAD
47.9%

Today's Daily Dose

Missing Word
I Hardly Know Her!

Word Ladder
Sentence Ending

Quick Pick
Female Firsts

Get the Picture
Triathlon Sports

Remove Ads.
Support Sporcle.
Get the best of Sporcle when you Go Orange. This ad-free experience offers more features, more stats, and more fun while also helping to support Sporcle. Thank you for becoming a member.

You're not logged in!

Compare scores with friends on all Sporcle quizzes.
OR
Log In

Show Comments

Extras

Top Quizzes Today


Score Distribution

Your Account Isn't Verified!

In order to create a playlist on Sporcle, you need to verify the email address you used during registration. Go to your Sporcle Settings to finish the process.

Report this User

Report this user for behavior that violates our Community Guidelines.

Details: